Vista normal Vista MARC

Entrada Corporate Name

Número de registros utilizados en: 1

001 - CONTROL NUMBER

  • control field: 13449

003 - CONTROL NUMBER IDENTIFIER

  • control field: OSt

005 - DATE AND TIME OF LATEST TRANSACTION

  • control field: 20210215143556.0

008 - FIXED-LENGTH DATA ELEMENTS

  • fixed length control field: 210215|| aca||aabn | a|a d

040 ## - CATALOGING SOURCE

  • Original cataloging agency: OSt
  • Transcribing agency: OSt

110 ## - HEADING--CORPORATE NAME

  • Corporate name or jurisdiction name as entry element: Comisión colombiana del océano

670 ## - SOURCE DATA FOUND

  • Source citation: Work cat.: (OSt): Colombia. Vicepresidencia de la República. Comisión Colombiana del Océano autor 13446, Hacia una potencia oceánica / , 2016